Fluid mechanics and hydraulics

Uloženo v:
Podrobná bibliografie
Hlavní autoři: Giles, Ranald V (Autor), Evett, Jack B (Autor), Liu, Cheng (Autor)
Médium: Kniha
Jazyk:angličtina
Vydáno: Nueva York McGraw-Hill Education 2014
Vydání:4a. ed
Edice:Schaum's Outline
Témata:
Tagy: Přidat tag
Žádné tagy, Buďte první, kdo vytvoří štítek k tomuto záznamu!

MARC

LEADER 00000cam a2200000 a 4500
001 UCE6006
003 CL-VaPUC
008 150319e20140000us |||||||||||||||||eng|d
020 |a 9780071831451 
082 0 4 |a 532  |b GIL  |2 21 
100 |a Giles, Ranald V  |e author  |9 578682 
700 0 |a Evett, Jack B  |e author  |9 578683 
700 0 |a Liu, Cheng  |e author  |9 578684 
245 1 0 |a Fluid mechanics and hydraulics 
250 |a 4a. ed 
300 |a 362 p 
942 |c BK 
945 |d 20150319 12:57:00  |a dcastane 
260 |a Nueva York  |b McGraw-Hill Education  |c 2014 
650 0 |a Mecánica de fluidos   |9 259464 
650 0 |a Estática de fluidos   |9 375305 
650 7 |a MODELOS HIDRAULICOS  |2 CL-VaPUC  |9 332152 
583 |a last modification  |c 20150319 12:57:00  |k Rodrigo Vera 
490 0 |a Schaum's Outline 
999 |c 358513  |d 358511 
952 |0 0  |1 0  |2 ddc  |3 erb  |4 0  |6 532_000000000000000_GIL_2014  |7 0  |8 A  |9 467262  |a BIBING  |b BIBING  |c RES  |i 5141532  |o 532 GIL 2014  |p 5141532  |r 2025-01-20  |w 2019-11-23  |y BK  |z Catalogado en:20150319  |k EIB 
952 |0 0  |1 0  |2 ddc  |3 erb  |4 0  |6 532_000000000000000_GIL_2014  |7 0  |8 A  |9 467263  |a BIBING  |b BIBING  |c RES  |i 5141540  |l 1  |o 532 GIL 2014  |p 5141540  |r 2025-01-20  |s 2024-06-19  |w 2019-11-23  |y BK  |z Catalogado en:20150319  |k EIB 
952 |0 0  |1 0  |2 ddc  |3 erb  |4 0  |6 532_000000000000000_GIL_2014  |7 0  |8 A  |9 467264  |a BIBING  |b BIBING  |c RES  |i 5141559  |l 1  |o 532 GIL 2014  |p 5141559  |r 2025-01-20  |s 2023-04-13  |w 2019-11-23  |y BK  |z Catalogado en:20150319  |k EIB 
952 |0 0  |1 0  |2 ddc  |3 erb  |4 0  |6 532_000000000000000_GIL_2014  |7 0  |8 A  |9 467265  |a BIBING  |b BIBING  |c RES  |i 5141567  |l 1  |o 532 GIL 2014  |p 5141567  |r 2025-01-20  |s 2024-04-22  |w 2019-11-23  |y BK  |z Catalogado en:20150319  |k EIB 
952 |0 0  |1 0  |2 ddc  |3 erb  |4 0  |6 532_000000000000000_GIL_2014  |7 0  |8 A  |9 467266  |a BIBING  |b BIBING  |c RES  |i 5144671  |l 2  |o 532 GIL 2014  |p 5144671  |r 2025-01-20  |s 2024-04-22  |w 2019-11-23  |y BK  |z Catalogado en:20150402  |k EIB 
952 |0 0  |1 0  |2 ddc  |3 erb  |4 0  |6 532_000000000000000_GIL_2014  |7 0  |8 A  |9 467267  |a BIBING  |b BIBING  |c RES  |i 514468K  |o 532 GIL 2014  |p 514468K  |r 2025-01-20  |w 2019-11-23  |y BK  |z Catalogado en:20150402  |k EIB